| 000 | 00800nam a2200253Ia 4500 | ||
|---|---|---|---|
| 003 | GCL | ||
| 008 | 140319s9999 xx 000 0 ara d | ||
| 040 |
_aGCL / _cGCL |
||
| 082 | 0 | 4 |
_a310.161 _bم ع |
| 100 | 1 | _aمحمد الجوهرى | |
| 245 | 1 | 0 |
_aعلم الاجتماع ودراسة الاعلام والاتصال / _cمحمد الجوهرى |
| 700 | 1 | _aفاطمة القلينى | |
| 700 | 1 | _aمنى الفرنوانى | |
| 700 | 1 | _aالفت حسن اغا | |
| 700 | 1 | _aحسن الخولى | |
| 700 | 1 | _aالسيد عفيفى | |
| 260 |
_a[S.N] : _bدار المعرفة الجامعية ، _c1992 |
||
| 300 | _a331 ص | ||
| 490 | _a | ||
| 650 | 0 | 4 | _aالاجتماع |
| 650 | 0 | 4 | _aوسائل الاعلام |
| 650 | 0 | 4 | _aالاتصال - علم اجتماع |
| 942 |
_2ddc _cBK |
||
| 999 |
_c27822 _d27822 |
||